01201nam a22002775i 4500001000700000003000900007005001700016008004100033040002000074100004100094245016100135250005600296260006200352300002600414595004300440597004500483597002500528597001100553700004700564740006000611752002300671752002300694852006300717999001900780952012400799154276ES-MaACL20250724063418.0960617s1785 it |||| | lat d aCYL bspa cCYL1 aGenovesi, Antonio,d1713-176995634710aAntonii Genuensis in Regia Neapolitana Academia ... professoris Disciplinarum Metaphysicarum elementa b: mathematicum in morem adornata ... : tomus primus. aEditio novissima bab ipso auctore ... reformata... aBassani ; aprostant Venetiis : bapud Remondini, c1785. aXXIV, 299 p. ; c8ยบ. 1aDatos de ed. preceden a "tomus primus" 1aSign.: a\p8\s, b\p4\s, A-S\p8\s, T\p6\s. 1aPort. con grab. xil. 1aAntep.11aRemondini, Giuseppe,dfl.1773-1811924138301aDisciplinarum Metaphysicarum elementa ... tomus primus. aItalia - dBassano aItalia - dVenecia aES-MaACLjR-894-98 z-- Enc. perg. x Olim: G-1263-67 c154276d154276 001040708LIBXVIIIaATENEOMbATENEOMcDEPOd2008-01-17l0oR-894-98p1161326r2023-02-23 00:00:00w2023-02-23yMONANT